000 00666nam a2200253Ia 4500
005 20260121154954.0
008 008 260114s9999 xx 000 0 eng d
020 _a9781315619811
037 _aEBOOK
040 _aCRL
040 _beng
040 _cCRL
041 _2eng
041 _aeng
084 _qCRL
100 _a Luis P‚rez-Gonz lez; Bolette B. Blaagaard; Mona Baker; Henry Jones
_91013771
245 4 _aThe Routledge Encyclopedia of Citizen Media
260 _bTaylor and Francis
260 _c2021
856 _uhttp://www.taylorfrancis.com/books/9781315619811
942 _cEBOOK
999 _c1580590
_d1580590